Dude Perfect Characters - Statistics

General Stats
  • This quiz has been taken 154 times
  • The average score is 10 of 12
Answer Stats
Answer % Correct
Tyler
98%
Cody
97%
Coby
96%
Cory
95%
Garrett
93%
Panda
92%
Cotton
88%
Jones
82%
Toney
82%
Ned Forrester
77%
Hilbert
73%
Sparky Sparkman
47%
No matching quizzes found
Score Distribution
Percent of People with Each Score
Percentile by Number Answered
Your Score History
You have not taken this quiz